Normal view
MARC view
- Janjua,Hira
Entry Personal Name
001 - CONTROL NUMBER
- control field: 5143
003 - CONTROL NUMBER IDENTIFIER
- control field: NUST
005 - DATE AND TIME OF LATEST TRANSACTION
- control field: 20171002161834.0
008 - FIXED-LENGTH DATA ELEMENTS
- fixed length control field: 171002|| aca||aabn | a|a d
040 ## - CATALOGING SOURCE
- Original cataloging agency: NUST
- Transcribing agency: NUST
100 ## - HEADING--PERSONAL NAME
- Personal name: Janjua,Hira
670 ## - SOURCE DATA FOUND
- Source citation: Work cat.: (NUST): Janjua,Hira, Impact of fiscal decentralization on poverty in Pakistan, 2016
